00349 a2200097 4500001001000000005001700010008004100027245010800068100002400176773005100200ART_1841020260410161701.0260409a 10aNueva aclaración por parte del fisco acerca del tratamiento impositivo en el impuesto a las ganancias1 aJanuszewski, Karina0 tRevista Impuestosg- Nº 2 (feb. 2013)wREV639